|
|
|
|
| LEADER |
00984cam a2200265 7i4500 |
| 001 |
0000061835 |
| 005 |
20210909090000.0 |
| 020 |
|
|
|a 9781522578512 (electronic book)
|
| 090 |
0 |
0 |
|a HD69.S8
|b .N52 2020
|
| 245 |
0 |
0 |
|a Networked business models in the circular economy
|c Bogdan Nogalski [and three others], editors.
|
| 264 |
|
|
|a Hershey, PA:
|b IGI Global,
|c 2020.
|
| 300 |
|
|
|a 1 online resource (298 pages):
|b text file, PDF.
|
| 336 |
|
|
|a text
|2 rdacontent
|
| 337 |
|
|
|a computer
|2 rdamedia
|
| 338 |
|
|
|a online resource
|2 rdacarrier
|
| 490 |
0 |
|
|a Advances in finance, accounting, andeconomics (AFAE) book series
|
| 650 |
|
0 |
|a Management
|
| 650 |
|
0 |
|a Business networks
|
| 650 |
|
0 |
|a Strategic alliances (Business)
|
| 655 |
|
0 |
|a Electronic books
|
| 700 |
1 |
|
|a Nogalski, Bogdan
|
| 856 |
4 |
2 |
|u http://library.unisel.edu.my/web/guest/mylibrary
|
| 997 |
|
|
|a Business & Accountancy, Faculty
|
| 998 |
|
|
|a Business Management, Degree
|
| 999 |
|
|
|a EBO0006894
|b EBOOK
|c EBOOK
|e Electronic resources
|